BIBLIOTECA

SENCICO

La investigación en biblioteconomía y documentación / (Registro nro. 96)

Detalles MARC
000 -LEADER
fixed length control field 01816nam a2200289Ia 4500
003 - CONTROL NUMBER IDENTIFIER
control field PE SENCICO BE
005 - DATE AND TIME OF LATEST TRANSACTION
control field 20251020182426.0
008 - FIXED-LENGTH DATA ELEMENTS--GENERAL INFORMATION
fixed length control field 200515s9999 xx 000 0 und d
020 ## - INTERNATIONAL STANDARD BOOK NUMBER
International Standard Book Number 84-9704-041-4
040 ## - CATALOGING SOURCE
Original cataloging agency PE SENCICO BE
Transcribing agency PE SENCICO BE
041 ## - LANGUAGE CODE
Language code of text/sound track or separate title spa
082 ## - DEWEY DECIMAL CLASSIFICATION NUMBER
Classification number 025.0072
Item number L83
100 1# - MAIN ENTRY--PERSONAL NAME
Personal name Delgado López-Cózar, Emilio
9 (RLIN) 2216
Relator term autor
245 10 - TITLE STATEMENT
Title La investigación en biblioteconomía y documentación /
Statement of responsibility, etc. Emilio Delgado López-Cózar
250 ## - EDITION STATEMENT
Edition statement [1a ed.]
260 ## - PUBLICATION, DISTRIBUTION, ETC.
Place of publication, distribution, etc. Guijón :
Name of publisher, distributor, etc. Trea ;
Date of publication, distribution, etc. 2002
300 ## - PHYSICAL DESCRIPTION
Extent 254 p. :
Other physical details tbl., graf. ;
Dimensions 22 cm.
490 ## - SERIES STATEMENT
Series statement Biblioteconomía y Administración Cultural
505 0# - FORMATTED CONTENTS NOTE
Formatted contents note Dos notas previas: Esbozo histórico de la biblioteconomía y documentación -- Investigación y ciencia: la institucionalización social y cognitiva de una disciplina -- La literatura de investigación en biblioteconomía y documentación: la actividad investigadora -- Orientación temática de la investigación -- Orientación metodológica de la investigación en biblioteconomía y documentación -- Técnicas de datos empleados en la investigación en biblioteconomía y documentación -- Calidad de la investigación -- Hacia una caracterización de la investigación en la biblioteconomía y documentación -- La investigación teórica: el agujero negro de biblioteconomía y documentación.
520 3# - SUMMARY, ETC.
Summary, etc. Se basa en el análisis de más de cincuenta trabajos observacionales que se han ocupado de todos los aspectos relativos a la investigación en Bibliotecología y Documentación en los más diversos y variados países del mundo.
650 10 - SUBJECT ADDED ENTRY--TOPICAL TERM
Topical term or geographic name entry element Bibliotecología
9 (RLIN) 2217
650 20 - SUBJECT ADDED ENTRY--TOPICAL TERM
Topical term or geographic name entry element Biblioteconomía
9 (RLIN) 1536
650 20 - SUBJECT ADDED ENTRY--TOPICAL TERM
Topical term or geographic name entry element Investigación
9 (RLIN) 156
650 20 - SUBJECT ADDED ENTRY--TOPICAL TERM
Topical term or geographic name entry element Documentación
9 (RLIN) 2184
650 20 - SUBJECT ADDED ENTRY--TOPICAL TERM
Topical term or geographic name entry element Metodología de la investigación
9 (RLIN) 260
942 ## - ADDED ENTRY ELEMENTS (KOHA)
Koha item type Libros
Source of classification or shelving scheme Dewey Decimal Classification
Existencias
Fecha de la última vez que lo usaron Número de ingreso o de inventario Pago total Signatura topográfica completa Código de barras Precio efectivo desde Tipo de documento Estado perdido Sistema de clasificación Estado dañado No es para préstamo Retirado Ubicación permanente Ubicación actual Fecha de adquisición
15/05/2020 15582   025.0072/L83 BibLima24050038 15/05/2020 Libros   Dewey Decimal Classification       Biblioteca Central Lima Biblioteca Central Lima 15/05/2020